000 00648nam a2200217Ia 4500
001 3881
003 GE_BSU
008 181216s||||||||xx |||||||||||||| ||und||
040 _cGE_BSU
080 _a004.42
100 _aБалакин,В.Б.Савинков,В.М. Цальп,В.Д.
245 _aСборник упражнений по програмированию.
245 _cРед.И.А.Иванов.
260 _aМ.
260 _bВысшая школа.
260 _c1970.
300 _a462стр.21см.
541 _h25 л
653 _aСборник упражнений по програмированию.
942 _cBK
999 _c37903
_d37903